000 00497nam a2200205Ia 4500
001 13489
003 GE_BSU
008 181216s||||||||xx |||||||||||||| ||und||
040 _cGE_BSU
080 _a821.111.09
100 _aCarlyle,Thomas
245 _aEssays. Critical and Miscellaneous. Vol.4
245 _bIn Seven volumes vol.4
260 _aLondon
260 _bChampan and Hall
260 _c1872
300 _a275p.17cm.
653 _aEssays. Critical and Miscellaneous
942 _cBK
999 _c46649
_d46649